Biggest Cities in Telangana - Statistics

General Stats
  • This quiz has been taken 66 times
  • The average score is 5 of 10
Answer Stats
Population City % Correct
6,993,262 Hyderabad
100%
811,844 Warangal
84%
311,152 Nizamabad
74%
289,821 Karimnagar
64%
307,000 Khammam
54%
154,326 Nalgonda
44%
117,167 Adilabad
42%
106,805 Suryapet
36%
190,400 Mahabubnagar
20%
242,979 Ramagundam
14%
No matching quizzes found
Score Distribution
Percent of People with Each Score
Percentile by Number Answered
Your Score History
You have not taken this quiz